|
|
|
|
| LEADER |
00000nab a2200000 a 4500 |
| 001 |
vtls000649330 |
| 003 |
SK-MaSNL |
| 005 |
20260304094822.0 |
| 008 |
250425c1997 xo 0 slo |
| 015 |
|
|
|a SNBRA1998/02-03180
|
| 035 |
|
|
|a CLN000001525
|
| 035 |
|
|
|a urn:nbn:sk:snk-abbrfb
|
| 035 |
|
|
|a (urnnbn)urn:nbn:sk:snk:ar-002v68
|
| 035 |
|
|
|a (uuid)b96d42b0-05e8-4a2e-b2d1-a32ff3b20516
|
| 040 |
|
|
|a SNKBUCL
|b slo
|c SNKBUCL
|e AACR2
|
| 041 |
0 |
|
|a slo
|
| 044 |
|
|
|a xo
|c SK
|
| 080 |
|
|
|a 82:929:885.4
|2 1997
|
| 080 |
|
|
|a 885.4:929
|2 1997
|
| 080 |
|
|
|a 792.075
|2 1997
|
| 100 |
1 |
|
|a Kasarda, Martin,
|d 1968-
|4 aut
|9 116347
|
| 245 |
1 |
0 |
|a Divadlo je lisovaná emócia
|b o zenbudhizme, panictve, slovenskom divadle a fanynkách s primárom divadla GUnaGU Viliamom Klimáčkom
|c [zhováral sa] Martin Kasarda
|
| 300 |
|
|
|b Fotogr.
|
| 600 |
1 |
7 |
|a Klimáček, Viliam,
|d 1958-
|2 snkbucl
|9 103454
|
| 655 |
|
7 |
|a články z novín a časopisov
|2 snkbucl
|2 snkbucl
|9 267496
|
| 700 |
1 |
|
|a Klimáček, Viliam,
|d 1958-
|4 aut
|9 103454
|
| 773 |
0 |
|
|t Dotyky
|g Roč. 9, č. 7-8 (1997), s. 2-5
|
| 850 |
|
|
|a Slovenská národná knižnica
|
| 852 |
|
|
|a Slovenská národná knižnica
|
| 958 |
|
|
|a article15
|
| 958 |
|
|
|a LX
|
| 958 |
|
|
|a SK
|
| 958 |
|
|
|a OND
|
| 958 |
|
|
|a EUIPO
|
| 992 |
|
|
|a RBX
|
| 999 |
|
|
|c 2829128
|d 2831058
|